| 000 | 01054cam a22001934a 4500 | ||
|---|---|---|---|
| 005 | 20250605164128.0 | ||
| 008 | 250528s ||||||||||||||||||||||||d | ||
| 035 | _a18533 | ||
| 020 | _a960220351 | ||
| 040 |
_aGR-AtMCL _bgre _dGR-AtMCL _eAACR2 |
||
| 245 | 1 | _aNumerical Methods in Nonlinear Dynamics / Selected Papers (1992) | |
| 260 |
_bThe Ias Press, _c1992 |
||
| 300 | _a152 | ||
| 520 | _aIntroduction, Hyperbolic Conversation Laws and Shock Formation in Smoth Solutions and Weak Solutions, General View of Non-Linear Hyperbolic Equations, Conservation Laws, Single Conservation Laws, Shock Waves and Entropy Condition and Uniqueness of the Entopy Condition, Interaction of Waves, Hyperbolic Systems of Conservation Laws, Selected Papers of C.D. Angelopoulos, Discontinuous Solutions of the Cauchy Problem for a Scalar Equation in nonconservative Form, A Numerical Method for Viscous Conservation Laws, Chaotic Phenomena in Rigid Bodies Dynamics. | ||
| 700 | 1 |
_aAngelopoulos Christos D. _94801 |
|
| 942 | _cBK | ||
| 999 |
_c3888 _d3888 |
||